Statistics for Best Destinations in the World

Click here to take the quiz!

General Stats

  • This quiz has been taken 126 times
  • The average score is 11 of 25

Answer Stats

TypeDestination% Correct
CityLondon, England
96%
CityNew York City, New York
96%
CityParis, France
96%
CityRome, Italy
81%
CityTokyo, Japan
81%
CityBarcelona, Spain
73%
CitySydney, Australia
70%
CityRio de Janeiro, Brazil
67%
CityIstanbul, Turkey
56%
CityHong Kong, China
49%
IslandBali, Indonesia
44%
CityDubai, UAE
42%
CityLisbon, Portugal
40%
CityPrague, Czechia
38%
CityNew Delhi, India
31%
IslandPhuket, Thailand
24%
Country / IslandJamaica
23%
IslandCrete, Greece
21%
CityHanoi, Vietnam
13%
CityMarrakesh, Morocco
10%
CityCusco, Peru
6%
CityKathmandu, Nepal
6%
City / BeachHurghada, Egypt
1%
City / BeachPlaya del Carmen, Mexico
1%
CitySiem Reap, Cambodia
1%

Score Distribution

Percentile by Number Answered

Percent of People with Each Score

Your Score History

You have not taken this quiz